01421nam a2200217 450000500170000000800410001702000180005804000070007604100080008308200190009110000210011024500860013126000630021730000260028036501030030652007220040965000220113165000230115365000110117665000160118720260406153445.0260406b |||||||| |||| 00| 0 eng d a9780852964316 cAL aeng a621.3822bGAYP aPatrick Gaydecki aFoundations of digital signal processingb: theory algorithms and hardware design aLondonbThe Institution of Engineering and thechologc2014 axix,462pbHBc24x16cm 2Electronics and Communication EngineeringaVBI-2645b₹1721.25c₹d₹2295.00e25%f202-02-2026 aFoundations of Digital Signal Processing: Theory, algorithms and hardware design starts by introducing the mathematical foundations of DSP, assuming little prior knowledge of the subject from the reader, and moves on to discuss more complex topics such as Fourier, Laplace and digital filtering. It provides detailed information on off-line, real-time and DSP programming, and guides the reader through advanced topics such as DSP hardware design, FIR and IIR filter design and difference equation manipulation. A CD accompanies the book. It provides the reader with programs that demonstrate equations discussed in the text and source codes to enable the reader to incorporate algorithms into their own DSP programs. aSignal Processing aDigital Techniques aDelphi aDSP Systems